Meranie a výpočet maximálneho obsahu vodnej pary v ZP v plynárenských sústavách
Gespeichert in:
| 1. Verfasser: | |
|---|---|
| Weitere Verfasser: | |
| Format: | Manuskript Buch |
| Sprache: | Slowakisch |
| Veröffentlicht: |
2015
|
| Schlagworte: | |
| Online-Zugang: | http://is.stuba.sk/zp/portal_zp.pl?podrobnosti=112933 |
| Tags: |
Keine Tags, Fügen Sie das erste Tag hinzu!
|
MARC
| LEADER | 00000ntm a22000003a 4500 | ||
|---|---|---|---|
| 001 | stuzp51756 | ||
| 003 | SK-STU | ||
| 005 | 20160719153945.9 | ||
| 007 | ta | ||
| 008 | 150427s2015----xo-----f-mn---000-0-slo-d | ||
| 040 | |a STU |b slo | ||
| 041 | 0 | |a slo | |
| 100 | 1 | |a Zöldová, Anna |u 020060 |4 aut |U SjF Strojnícka fakulta |T SjF Ústav tepelnej energetiky |X 44494 |U J0060 |Y 805 |7 A000044494 | |
| 242 | 0 | 1 | |a Measurement and calculation of the maximum water vapor content in the natural gas of the gas system |y eng |
| 245 | 1 | 0 | |a Meranie a výpočet maximálneho obsahu vodnej pary v ZP v plynárenských sústavách |
| 260 | |c 2015 | ||
| 650 | 4 | |a zemný plyn |2 slo | |
| 650 | 4 | |a obsah vodnej pary |2 slo | |
| 650 | 4 | |a rosný bod |2 slo | |
| 650 | 4 | |a dew point |2 eng | |
| 650 | 4 | |a water vapor content |2 eng | |
| 650 | 4 | |a natural gas |2 eng | |
| 700 | 1 | |a Rajzinger, Ján |4 ths |X 4268 |7 A000004268 | |
| 856 | 4 | |u http://is.stuba.sk/zp/portal_zp.pl?podrobnosti=112933 | |
| 996 | |b 284J043750 |c J* 2040/DP |l JJSK |s A |a 24 |w stuzp51756_0001 | ||
| SQL | |a stuzp51756 |b DDP |c SLO |d Meranie a výpočet maximálneho obsahu vodnej pary v ZP v plynárenských sústavách |e 44494 |f Zöldová, Anna |g 020060 |h 4268 |i Rajzinger, Ján |j 20150617 |k 61 |l 02 |m http://is.stuba.sk/zp/portal_zp.pl?podrobnosti=112933 |n I-TESZ |o 5.2.29. energetika | ||